000 00744nam a22002417a 4500
999 _c3051
_d3051
003 OSt
005 20230927111928.0
008 230927b ||||| |||| 00| 0 eng d
020 _a9789670624198
040 _cKH8
082 _a400 LIE
100 _aLie, K. F,
_eauthor.
245 _aCatch the shoes thief = Bantu tangkap pencuri kasut /
_cK. F. Liew.
260 _aKuala Lumpur:
_bPustaka Kalam Bestari,
_c2015.
300 _a24 pages :
_bcolour illustrations ;
_c26 cm.
440 _aPractice Etiquette Series
650 _aChildren's stories
_vMalay
650 _aChildren's stories
_vEnglish
650 _aDidactic fiction
_vMalay
650 _aDidactic fiction
_vEnglish
830 _a Practice Etiquette Series
942 _2ddc
_cTR